Statistics for Countries Bordering Germany in 1939

Click here to take the quiz!

General Stats

  • This quiz has been taken 146 times
  • The average score is 12 of 13

Answer Stats

Answer% Correct
France
99%
Poland
99%
Belgium
97%
Luxembourg
97%
Netherlands
96%
Denmark
94%
Switzerland
94%
Slovak Republic
90%
Hungary
87%
Italy
87%
Liechtenstein
78%
Lithuania
75%
Yugoslavia
72%

Score Distribution

Percentile by Number Answered

Percent of People with Each Score

Your Score History

You have not taken this quiz